Sports Quiz

Random Sports or NFL Quiz

NFL Teams by NFL Pattern Quiz Stats

 Plays Quiz Updated Jun 5, 2018

Also try: NFL Jumble
Challenge
Share
Tweet
Embed
Score 0/17 Timer 03:00
5 Plays Today
NFL Pattern NFL Team % Correct
F _ L _ _ N _Falcons
97.4%
L _ _ N _Lions
86.6%
_ _ L L _Bills
85.2%
_ _ _ _ N _Ravens/ Browns/ Texans/ Titans
73.2%
_ _ _ _ _ N _ L _Cardinals
68.3%
_ _ _ N _ _Saints/ Giants
58.4%
_ _ N _ _ L _Bengals
56%
_ _ L _ _ _ N _Dolphins
55.3%
_ _ N _ _ _ _ _Panthers
49.3%
NFL Pattern NFL Team % Correct
_ _ _ _ F _Chiefs
46.5%
_ _ _ L _ _Eagles
44.3%
_ _ _ _ _ N _ _ _ _Buccaneers
40.9%
_ _ _ _ L _ _ _Steelers
40.1%
_ _ _ N _ _ _Broncos
39.8%
_ _ _ _ N _ _Vikings
39.6%
_ _ L _ _Colts
39%
_ _ _ _ _ _ N _Redskins
37.9%

You're not logged in!

Compare scores with friends on all Sporcle quizzes.
Join for Free
OR
Log In

You Might Also Like...

Show Comments

Extras

Top Quizzes Today


Score Distribution

Your Account Isn't Verified!

In order to create a playlist on Sporcle, you need to verify the email address you used during registration. Go to your Sporcle Settings to finish the process.

Report this User

Report this user for behavior that violates our Community Guidelines.

Details: